| 000 | 00772nac a22002417a 4500 | ||
|---|---|---|---|
| 001 | BR8804839 | ||
| 003 | BR-BrBNA | ||
| 005 | 20240105120816.0 | ||
| 008 | 230509b bl.|||m| |||| 00| 0 por d | ||
| 040 |
_aBR-BrBNA _bpor _cBiblioteca Nacional de Agricultura |
||
| 072 | _aP40; F01 | ||
| 090 | _aP40 BR8804839 | ||
| 110 | 1 |
_aFundacao Centro Estadual de Planejamento Agricola, Salvador, BA (Brasil) _94810 |
|
| 245 | 1 | _aChuvas tardias frustam um terco da safra de verao [Bahia] | |
| 260 | 3 |
_aSalvador, BA (Brasil): _c1988. |
|
| 300 | _a9 p. | ||
| 490 |
_aBoletim Agropecuario de Informacoes Conjunturais (Brazil) _vv. 2(31) _x |
||
| 650 | _aCHUVA | ||
| 650 | _aSAFRA | ||
| 650 | _aBAHIA | ||
| 909 |
_a202312 _bLúcia Elande _c55 _dLúcia Elande |
||
| 942 |
_2AGRIS _n0 _cMS |
||
| 999 |
_c281545 _d281545 |
||